[Event "IECG CP.2002.Q.00002 email"]
[Site "IECG email"]
[Date "2003.10.01"]
[Round "?"]
[White "Parisi, Cosimo"]
[Black "Towkan, Carlos Roberto Duar"]
[Result "1-0"]
[WhiteElo "2184"]
[BlackElo "1299"]
[PlyCount "49"]
[EventDate "2003.10.01"]
[EventType "tourn (corr)"]
[EventRounds "10"]
[SourceTitle "Corr 2008"]
[Source "ChessBase"]
[SourceDate "2008.06.24"]
[SourceVersion "1"]
[SourceVersionDate "2008.06.24"]
[SourceQuality "1"]

1. e4 c5 2. Nf3 d6 3. d4 cxd4 4. Nxd4 Nf6 5. Nc3 a6 6. Be2 e6 7. 0-0 Be7 8. Be3 0-0 9. f4 Nc6 10. a4 Qc7 11. Kh1 Re8 12. Bf3 Bf8 13. Nb3 d5 14. e5 Nd7 15. a5 f6 16. exf6 Nxf6 17. Na4 Bd7 18. Nb6 Rad8 19. g4 Bc8 20. g5 Ne4 21. c3 Ne7 22. Qd3 Nd6 23. Bd4 Nef5 24. Rae1 Qf7 25. Bf2 1-0

[Event "IECG CE.2003.0.00049 email"]
[Site "IECG email"]
[Date "2003.03.16"]
[Round "?"]
[White "Horvath, Daniel"]
[Black "Towkan, Carlos Roberto Duar"]
[Result "1-0"]
[WhiteElo "1250"]
[BlackElo "1313"]
[PlyCount "61"]
[EventDate "2003.03.16"]
[EventType "tourn (corr)"]
[EventRounds "6"]
[SourceTitle "Corr 2008"]
[Source "ChessBase"]
[SourceDate "2008.06.24"]
[SourceVersion "1"]
[SourceVersionDate "2008.06.24"]
[SourceQuality "1"]

1. e4 c5 2. Nf3 e6 3. d4 cxd4 4. Nxd4 Nf6 5. Bd3 Nc6 6. Nxc6 dxc6 7. Nd2 e5 8. 0-0 Bg4 9. Qe1 Bb4 10. a3 Ba5 11. b4 Bc7 12. h3 Bh5 13. Nc4 0-0 14. Bg5 Re8 15. a4 Bg6 16. Rd1 Qe7 17. f3 Qe6 18. Rf2 Reb8 19. Be3 b5 20. axb5 cxb5 21. Na5 Nh5 22. Rfd2 Bxa5 23. bxa5 a6 24. Bf1 f6 25. c4 bxc4 26. Rc1 Qe7 27. Bxc4+ Bf7 28. Bf1 Rb3 29. Bb6 Nf4 30. Qd1 f5 31. Rc7 1-0